The Reader's adviser / (Record no. 137023)
[ view plain ]
| 000 -LEADER | |
|---|---|
| fixed length control field | 01075nam a22002177a 4500 |
| 010 ## - LIBRARY OF CONGRESS CONTROL NUMBER | |
| LC control number | B-189800 |
| 035 ## - SYSTEM CONTROL NUMBER | |
| System control number | B-189800 |
| 037 ## - SOURCE OF ACQUISITION | |
| Source of stock number/acquisition | Cen Lib / Ret |
| 040 ## - CATALOGING SOURCE | |
| Original cataloging agency | DPL |
| Language of cataloging | En |
| 082 ## - DEWEY DECIMAL CLASSIFICATION NUMBER | |
| Classification number | 011 |
| Item number | REA |
| 245 ## - TITLE STATEMENT | |
| Title | The Reader's adviser / |
| Remainder of title | a layman's guide to literature |
| Statement of responsibility, etc | edited by F. J. Sypher |
| 250 ## - EDITION STATEMENT | |
| Edition statement | 12th ed |
| 260 ## - PUBLICATION, DISTRIBUTION, ETC. (IMPRINT) | |
| Place of publication, distribution, etc | New York |
| Name of publisher, distributor, etc | R. R. Bowker Co |
| Date of publication, distribution, etc | 1977 |
| 270 ## - ADDRESS | |
| Address | 1180 Avenue of the Americas |
| City | New York |
| 300 ## - PHYSICAL DESCRIPTION | |
| Extent | v 2. xiii, 713p ; |
| Dimensions | 27cm(Hb) |
| 505 ## - FORMATTED CONTENTS NOTE | |
| Formatted contents note | v. 1. The best in reference works, British literature, and American literature / edited by David Scott Kastan and Emory Elliot --<br/>v. 2. The best in world literature / edited by Robert DiYanni --<br/>v. 3. The best in social sciences, history, and the arts / edited by John G. Sproat --<br/>v. 4. The best in philosophy and religion / edited by Robert S. Ellwood --<br/>v. 5. The best in science, technology, and medicine --<br/>v. 6 Indexes |
| 650 ## - SUBJECT ADDED ENTRY--TOPICAL TERM | |
| Topical term or geographic name as entry element | Best books. |
| 650 ## - SUBJECT ADDED ENTRY--TOPICAL TERM | |
| Topical term or geographic name as entry element | Literature -- Bio-bibliography. |
| 650 ## - SUBJECT ADDED ENTRY--TOPICAL TERM | |
| Topical term or geographic name as entry element | Reference books -- Bibliography. |
| 942 ## - ADDED ENTRY ELEMENTS (KOHA) | |
| Source of classification or shelving scheme | Dewey Decimal Classification |
| Koha item type | English Books |
| Classification part | 011 |
| Call number suffix | REA |
| Withdrawn status | Lost status | Source of classification or shelving scheme | Materials specified (bound volume or other part) | Damaged status | Not for loan | Home library | Current library | Date acquired | Source of acquisition | Total Checkouts | Full call number | Barcode | Date last seen | Copy number | Price effective from | Koha item type |
|---|---|---|---|---|---|---|---|---|---|---|---|---|---|---|---|---|
| Dewey Decimal Classification | v 2 | Central Library | Central Library | 14/03/2016 | Cen Lib/Ret | 011 REA | B-189800 | 14/03/2016 | 1 | 14/03/2016 | English Books |
